| 000 | 01079nam a2200241 a 4500 | ||
|---|---|---|---|
| 001 | 705 | ||
| 005 | 20221127090014.0 | ||
| 008 | 050920s lsu a | 00000|ara d | ||
| 020 | _a9960437094 | ||
| 035 | _a718 | ||
| 082 | 0 | 4 |
_a378.00285 _bع846 |
| 100 | 1 | _aعمر، فدوى بنت فاروق. | |
| 245 | 1 | 0 |
_aاستخدام شبكة المعلومات الدولية (الانترنت) في ادارة مؤسسات التعليم العالي ... : _bدراسة ميدانية / _cفدوى بنت فاروق عمر ؛ اشراف زهير بن احمد الكاظمي. |
| 250 | _aط. 1. | ||
| 260 |
_aالرياض : _bف. ف. عمر، _c2003. |
||
| 300 |
_a375 ص. : _bايض. ؛ _c24 سم. |
||
| 500 | _aباخره ملاحق. | ||
| 502 | _aاصلا اطروحة(دكتوراة) - كلية التربية للبنات - جدة، 1423هـ. | ||
| 504 | _aيتضمن ببليوجرافيا. | ||
| 650 | 4 |
_aالتعليم العالي _xتنظيم وادارة. |
|
| 650 | 4 |
_aالتعليم العالي _xنظم المعلومات. |
|
| 650 | 4 | _aالتعليم بالانترنت. | |
| 999 |
_c705 _d705 |
||